Plasma astrophysics (Record no. 65653)
[ view plain ]
| 000 -LEADER | |
|---|---|
| fixed length control field | 01337nam a2200349Ia 4500 |
| 100 1# - MAIN ENTRY--AUTHOR NAME | |
| Personal name | Benz, A. O. |
| 245 10 - TITLE STATEMENT | |
| Title | Plasma astrophysics |
| 250 ## - EDITION STATEMENT | |
| Edition statement | 2nd ed. |
| 260 ## - PUBLICATION, DISTRIBUTION, ETC. (IMPRINT) | |
| Place of publication | Boston : |
| Name of publisher | Kluwer Academic, |
| Year of publication | c2002. |
| 300 ## - PHYSICAL DESCRIPTION | |
| Number of Pages | xviii, 301 p. : |
| Other physical details | ill. |
| 490 1# - SERIES STATEMENT | |
| Series statement | Astrophysics and space science library ; |
| 650 #0 - SUBJECT ADDED ENTRY--TOPICAL TERM | |
| Topical Term | Stars |
| Topical Term | Plasma astrophysics. |
| Topical Term | Plasma dynamics. |
| Topical Term | Particle beams. |
| 856 40 - ELECTRONIC LOCATION AND ACCESS | |
| Uniform Resource Identifier | http://site.ebrary.com/lib/rucke/Doc?id=10053394 |
No items available.
